Oración Fúnebre i discursos pronunciados en el colejio de los Sagrados Corazones, para mayor honra de los antiguos alumnos del establecimiento muertos en la guerra

Na minha lista:
Detalhes bibliográficos
Principais autores: Jamett, Augusto (Autor), Espiñeira, Antonio (Autor), Gutiérrez M., José Ramón (Autor), Concha Castillo, Francisco A (Autor), Errázuriz Urmeneta, G (Autor), Covarrubias, Manuel A (Autor), Suárez Mujica, Eduardo (Autor), Nercasseau Morán, E (Autor)
Formato: Livro
Idioma:espanhol
Publicado em: Santiago Imprenta de El Correo, de Ramón Varela, Teatinos 39 1881
Edição:1a. ed
Assuntos:
Tags: Adicionar Tag
Sem tags, seja o primeiro a adicionar uma tag!

MARC

LEADER 00000nam a2200000 a 4500
001 UCJ4907
003 CL-VaPUC
008 070124e18810000CL |||||||||||||||||spa|d
082 0 4 |a 983  |b JAM  |2 21 
100 0 |a Jamett, Augusto  |e author  |9 509402 
700 0 |a Espiñeira, Antonio  |e author  |9 505158 
700 0 |a Gutiérrez M., José Ramón  |e author  |9 509403 
700 0 |a Concha Castillo, Francisco A  |e author  |9 509404 
700 0 |a Errázuriz Urmeneta, G  |e author  |9 509405 
700 0 |a Covarrubias, Manuel A  |e author  |9 509406 
700 0 |a Suárez Mujica, Eduardo  |e author  |9 505725 
700 0 |a Nercasseau Morán, E  |e author  |9 509407 
245 1 0 |a Oración Fúnebre i discursos pronunciados en el colejio de los Sagrados Corazones, para mayor honra de los antiguos alumnos del establecimiento muertos en la guerra 
246 1 0 |a Biografías 
250 |a 1a. ed 
300 |a 88 p 
942 |c BK 
945 |d 20070124 00:00:00  |a rinostro 
260 |a Santiago  |b Imprenta de El Correo, de Ramón Varela, Teatinos 39  |c 1881 
500 |a Empastado junto a la copia 1 de El Combate homérico, de Vicente Grez, en un volumen rotulado Grez, 21 de mayo; ubicación 983 GRE 
600 0 7 |a ISAZA FLORES, MIGUEL A  |2 CL-VaPUC  |9 509408 
600 0 7 |a OLIVOS BUSTAMANTE, FRANCISCO  |2 CL-VaPUC  |9 509409 
600 0 7 |a ORDOÑEZ URBINA, FRANCISCO  |2 CL-VaPUC  |9 509410 
600 0 7 |a LARRAIN ALCALDE, LUIS  |2 CL-VaPUC  |9 509411 
600 0 7 |a COLEGIO DE LOS SAGRADOS CORAZONES  |2 CL-VaPUC  |9 509412 
650 0 |a Guerra del Pacífico  |9 314886 
650 7 |a HONRAS FUNEBRES  |2 CL-VaPUC  |9 504232 
650 0 |a Discursos   |9 265028 
650 0 |a Poesía   |9 265825 
650 0 |a Órdenes religiosas  |9 257499 
583 |a last modification  |c 20070124 00:00:00  |k Rodrigo Vera 
999 |c 321022  |d 321020 
952 |0 0  |1 0  |4 0  |6 983_000000000000000_JAM_1881  |7 0  |8 X  |9 399677  |a FDOBUD  |b FDOBUD  |d 2019-11-22  |i 102762K  |o 983 JAM 1881  |p 102762K  |r 2019-11-22  |w 2019-11-22  |y BK_X  |k BUD